000
00490nam a2200145Ia 4500
008
100204s9999 xx 000 0 und d
082
_b
7074
100
_a
रांगणेकर कुमुदिनी
245
_a
देखणा बहाणा
260
_b
"राजेंद्र पब्लिकेशन्स , पुणे 30"
_c
1984
300
_a
216
630
_a
देखणा बहाणा
730
_a
देखणा बहाणा
942
_c
BOOK
999
_c
451511
_d
451508